| 000 | 00680 a2200193 4500 | ||
|---|---|---|---|
| 001 | 50377 | ||
| 005 | 20260407155802.0 | ||
| 008 | 260407a1961 arg spa d | ||
| 003 | AR-UNSa-BCEJYS | ||
| 040 |
_aAR-UNSa-BCEJYS _bspa _cAR-UNSa-BCEJYS |
||
| 080 |
_a101.1 _xNaturaleza de la filosofía. La filosofía como ciencia. La filosofía como arte (pensamiento filosófico) |
||
| 245 | 1 | 0 | _aFilosofía de la ciencia |
| 264 | 1 |
_aMadrid : _bTecnos _c1961 |
|
| 300 |
_a215 p. _c23 cm. |
||
| 505 | _a1. Deducción y definición – 2. Proceso e historia – 3. Configuraciones y reducción | ||
| 942 | _cBK | ||
| 590 | _aniveau_biblio:m niveau_hierar:0 | ||
| 100 | 1 | _aBergmann, Gustav | |
| 999 |
_c4999 _d4999 |
||